000 00792cam a22002651 4500
001 sa 67006616
003 DLC
005 20260227112409.0
008 780518s1964 ii c b 000 0 eng
010 _asa 67006616
025 _aPL480:I-E-8568
035 _a(OCoLC)3906166
040 _aDLC
_cMiRochOU
_dMiRochOU
_dOCoLC
_dDLC
042 _apremarc
043 _aa-ii---
050 0 0 _aDS451
_b.A9
100 1 _aAwasthi, A. B. L.
245 1 0 _aRajput politics,
_cby A.B.L. Awasthi.
_cWith a foreword by R.K. Dikshit.
250 _a[1st ed.]
260 _aLucknow,
_bKailash Prakashan,
_c1964.
300 _axiv, 95 p.
_bports.
_c23 cm.
504 _aBibliography: p. [82]-84.
651 0 _aIndia
_xPolitics and government
_yAncient period.
650 0 _aRajput (Indic people)
_xHistory.
999 _c76075
_d76075